Statistics for Polynesian Island Quiz

Click here to take the quiz!

General Stats

  • This quiz has been taken 58 times
  • The average score is 11 of 22

Answer Stats

Nation (if overseas)Answer% Correct
U.S.A.American Samoa
96%
Samoa
94%
Tonga
83%
Tuvalu
81%
U.S.A.Hawai'i
72%
FranceFrench Polynesia
66%
New ZealandCook Is.
64%
New ZealandNiue
64%
Vanuatu
64%
Nauru
51%
Palau
51%
U.S.A.Guam
49%
Kiribati
49%
Marshall Is.
45%
FranceNew Caledonia
45%
Solomon Is.
45%
FranceWallis and Futuna
36%
New ZealandTokelau
34%
United KingdomPitcairn Islands
26%
U.S.A.Northern Mariana Is.
15%
Fiji Is.
4%
Fed. States of Mcronesia
0%

Score Distribution

Percentile by Number Answered

Percent of People with Each Score

Your Score History

You have not taken this quiz